Inverted Country Flags: IX - Statistics

General Stats
  • This quiz has been taken 13 times
  • The average score is 11 of 14
Answer Stats
Picture Answer % Correct
Israel
100%
Belarus
91%
Malta
91%
San Marino
91%
Trinidad and Tobago
91%
Algeria
82%
Angola
82%
Central African Republic
82%
Mauritania
82%
South Sudan
82%
Thailand
82%
El Salvador
73%
Romania
55%
Sierra Leone
45%
No matching quizzes found
Score Distribution
Percent of People with Each Score
Percentile by Number Answered
Your Score History
You have not taken this quiz